000 00463nam a2200181Ia 4500
001 24206
005 20260414151028.0
008 260414t2011||||xx |||||||||||||| ||spa||
041 _aESP
082 _a792.07
_bV21
100 _aValer, César
_eAUT
245 0 _a¿Cómo enseñar teatro? :
_bmanual para profesores (método progresivo)
260 _c2011
300 _a166 páginas :
_c20 cm.
650 _aABD
654 _aCAU
942 _cLIB
_dJUS
_fJUS
_2ddc
_n
999 _c24206
_d24206